000 00710nam a22002657a 4500
003 UA-OsUOA
001 42988
007 ta
008 20061204b un ||||| |||| 00| 0 ukr d
100 _aСуховершина Ю. В.
700 _aТихомирова Е. П.
700 _aСкоромная Ю. Е.
090 _a159.922
_bС89
942 _cBK
040 _aUA-OsUOA
_brus
_cUA-OsUOA
_dUA-OsUOA
245 _aТренинг комуникативной компетенции
300 _a110 с.
955 _a2
041 _arus
080 _a159.922
020 _a5-8291-0645-0
260 _aМ.
_bТрикста
_c2006
650 7 _a159.9 Психологія
_2UDC
999 _c329119
_d329119